00860nam a22002177a 4500999001900000005001700019010002700036020002600063035001400089035001400103037001300117082000800130100001700138245005800155260004500213270006400258300005000322942002200372952013400394952011400528 c166691d16669120221226113925.0 aENG-126128, ENG-135939 a9788190299121c595.00 aEN-109660 aEN-119471 bDBAD/PUB a921 aAjeet, Jawed aGandhi:bstudy of a saint politician/cby Ajeet Jawed bOxford University PressaNew Delhic2019 a2/11 Ground floor,Ansari RoadbDaryaganj, New Delhie110002 a528p.c25cm(Hb)bbibliographical & references 2ddccENh921mJAW 001040718NFICaDBADbDBADd2019-08-05eDBAD/PUBg595.00l0o921 AJEpEN-109660r2019-08-05 00:00:00t1v595.00w2019-08-05yEN 00104070aDIZbDIZd2022-12-26eDBAD/PUBg595.00l0o921 JAWpEN-119471r2022-12-26 00:00:00t2v595.00yEN